| 000 | 00000nas 2200000zi 4500 |
| 001 | 9.943862 |
| 003 | CaOODSP |
| 005 | 20250313090630 |
| 006 | m o d f |
| 007 | cr cn |||||||| |
| 008 | 241007d19471965oncuu p o f0 a0eng|d |
| 022 | |z0704-7193 |
| 040 | |aCaOODSP|beng|erda|cCaOODSP |
| 043 | |an-cn--- |
| 086 | 1 |aD12-11E-PDF |
| 245 | 00|aCanadian Army journal. |
| 264 | 1|aOttawa : |bPrinter to the Queen's Most Excellent Majesty, |c1947-1965. |
| 336 | |atext|btxt|2rdacontent |
| 337 | |acomputer|bc|2rdamedia |
| 338 | |aonline resource|bcr|2rdacarrier |
| 362 | 1 |aBegan with: Vol. 1 (April 1947); ceased with : vol 19, no. 2 (1965). |
| 500 | |aIssued also in French under title: Journal de l'Armeé canadienne. |
| 500 | |aDigitized edition from print [produced by Department of National Defence]. |
| 530 | |aIssued also in print. |
| 588 | |aDescription based on: Vol. 4, no. 1 (April 1950); title from PDF cover page. |
| 588 | |aLatest issue consulted: Vol. 19, no. 2 (1965). |
| 610 | 10|aCanada.|bCanadian Army |vPeriodicals. |
| 610 | 10|aCanada. |bCanadian Army |xHistory. |
| 650 | 0|aMilitary history|vPeriodicals. |
| 650 | 0|aMilitary art and science|zCanada|vPeriodicals. |
| 655 | 7|aPeriodicals|2lcgft |
| 710 | 1 |aCanada. |bDepartment of National Defence, |eissuing body. |
| 775 | 08|tJournal de l'Armée canadienne.|w(CaOODSP)9.949050 |
| 780 | 00|tCanadian Army training memorandum.|w(CaOODSP)9.943868 |